| 000 | 00969nam a22002537a 4500 | ||
|---|---|---|---|
| 003 | OSt | ||
| 005 | 20251205014523.0 | ||
| 008 | 251205b |||||||| |||| 00| 0 eng d | ||
| 020 | _a1-56308-633-6 (pbk) | ||
| 040 |
_aDWC-Main lib _cOC |
||
| 082 |
_26th edition _aRes. 025.5 Ev92 1992 |
||
| 100 | _aEvans, E. | ||
| 245 |
_aIntroduction to library public services _cEvans, Edward G. |
||
| 250 | _a6th edition | ||
| 260 |
_aColorado : _b Libraries Unlimited, a division of Greenwood Publishing Group, Inc., _cc1992 |
||
| 300 |
_axvii, 500 pages ; _c 23 cm. |
||
| 504 | _aIncludes bibliographical references and index | ||
| 650 | _2Libraries and readers--United States | ||
| 650 | _2Library circulation and loans---United States | ||
| 650 | _2References services (libraries)---United States | ||
| 700 | _aAmodeo, Anthony J. | ||
| 700 | _aCarter, Thomas L. | ||
| 942 |
_2ddc _cBK-0 CIRC _e6th edition _hRes. 025.5 Ev92 1992 _kRes. _n0 |
||
| 999 |
_c6900 _d6900 |
||